LEADER 01457nam a2200301 u 4500 001 000000022151 003 CaOOAMICUS 005 20070226111107.0 008 950426s1965 sw u000 u eng u 035 $a10552186 040 $aPUL$bita 100 1 $aIsaksson, Abel.$0(OLS)http://pul/name/18835 245 10$aMarriage and ministry in the New Temple :$ba study with special reference to Mt. 19.13-12 and Cor. 11.3-16 /$cAbel Isaksson. 260 $aLund :$bGleerup ;$aCopenhagen :$bEjnar Munksgaard,$c1965. 300 $a210 p. ;$c24 cm 490 1 $aActa Seminarii Neotestamentici Upsaliensis ;$v224 500 $aIndici : [209]-210. 504 $aBibliografia: p. [202]-208. 630 04$aBiblia.$pN.T.$pAd Corinthios I.$nXI, 3-16.$0(OLS)http://pul/subject/13996 630 04$aBiblia.$pN.T.$pMatthaeus.$nXIX, 13-12.$0(OLS)http://pul/subject/37802 830 0$aActa Seminarii Neotestamentici Upsaliensis ;$v224.$0(OLS)http://pul/title/6868 850 $aPUL 852 $aPUL$W1$xSL Religione 1$y3$m10 H 30$j31111$nBK-PRI$b $qStampati$B31111$CPULBib$Z2$F31111 $H $81 941 1 $a8 961 $aINV: 28486. 996 $6245$aMarriage and ministry in the New Temple :$ba study with special reference to Mt. 19.13-12 and Cor. 11.3-16$9(OLS)http://pul/title/30913 996 $6260$aLund :$bGleerup$9(OLS)http://pul/publisher/51960 996 $6260$aCopenhagen :$bEjnar Munksgaard$9(OLS)http://pul/publisher/57486 LEADER 01551naa a2200253 u 4500 001 000000099995 003 CaOOAMICUS 005 20070226130201.0 008 051014s1989 it u000 u ita u 020 $a8815024514 035 $a11063841 040 $aIAR$bita 100 1 $aQuaglioni, Diego.$0(OLS)http://pul/name/8117 245 15$a"Les bornes sacrées de la loy de Dieu et de nature" :$bLa procedura del controllo degli atti normativi del principe nella "République" di Jean Bodin e nelle sue fonti /$cDiego Quaglioni. 260 $aBologna :$bIl Mulino,$c1989. 300 $aS. 39-62 ;$c24 cm 600 14$aBodin, Jean,$d1530-1596.$0(OLS)http://pul/subject/32110 730 0 $aAnnali dell'Istituto storico italo-germanico in Trento = Jahrbuch des Italienisch-Deutschen Historischen Instituts in Trient$g[Spogli].$0(OLS)http://pul/title/8676 773 0 $aJahrbuch des italienisch-deutschen historischen Instituts in Trient.$g14 (1988) 773 0 $aAnnali dell'Istituto storico italo.germanico in Trento.$g14 (1988) 773 0 $aIstituto storico italo-germanico.$tAnnali dell'Istituto storico italo-germanico in Trento = Jahrbuch des Italienisch-Deutschen Historischen Instituts in Trient$w()5918 996 $6020$a8815024514$9(OLS)http://pul/number/129570 996 $6245$a"Les bornes sacrées de la loy de Dieu et de nature" :$bLa procedura del controllo degli atti normativi del principe nella "République" di Jean Bodin e nelle sue fonti$9(OLS)http://pul/title/126874 996 $6260$aBologna :$bIl Mulino$9(OLS)http://pul/publisher/47928